MARC details
| 000 -CABECERA |
| campo de control de longitud fija |
02917nam a2200337 i 4500 |
| 003 - IDENTIFICADOR DEL NÚMERO DE CONTROL |
| campo de control |
DO-SdBNP |
| 005 - FECHA Y HORA DE LA ÚLTIMA TRANSACCIÓN |
| campo de control |
20250919112547.0 |
| 007 - CAMPO FIJO DE DESCRIPCIÓN FÍSICA--INFORMACIÓN GENERAL |
| campo de control de longitud fija |
ta |
| 008 - DATOS DE LONGITUD FIJA--INFORMACIÓN GENERAL |
| campo de control de longitud fija |
240209s2023 dr co 000 j spa d |
| 020 ## - NÚMERO INTERNACIONAL ESTÁNDAR DEL LIBRO |
| Número Internacional Estándar del Libro |
9789945643831 |
| 040 ## - FUENTE DE LA CATALOGACIÓN |
| Centro catalogador/agencia de origen |
DO-SdBNP |
| Lengua de catalogación |
spa |
| Centro/agencia transcriptor |
BNPHU |
| Normas de descripción |
rda |
| 082 #4 - NÚMERO DE LA CLASIFICACIÓN DECIMAL DEWEY |
| Número de documento/Ítem |
T822 |
| Número de edición |
22 |
| 110 1# - ENTRADA PRINCIPAL--NOMBRE DE ENTIDAD CORPORATIVA |
| Nombre de entidad corporativa o nombre de jurisdicción como elemento de entrada |
República Dominicana. |
| Unidad subordinada |
Corte de Constitucionalidad |
| 9 (RLIN) |
71191 |
| 245 10 - MENCIÓN DE TÍTULO |
| Título |
Mujeres de la historia dominicana : |
| Resto del título |
un homenaje / |
| Mención de responsabilidad, etc. |
comisión Alba Luisa Beard Marcos, Manuel Ulises Bonnelly Vega, María del Carmen Santana de Cabrera, José Alejandro Vargas Guerrero, Eunisis Vásquez Acosta |
| 264 #1 - PRODUCCIÓN, PUBLICACIÓN, DISTRIBUCIÓN, FABRICACIÓN Y COPYRIGHT |
| Producción, publicación, distribución, fabricación y copyright |
Santo Domingo : |
| Nombre del de productor, editor, distribuidor, fabricante |
Tribunal Constitucional, |
| Fecha de producción, publicación, distribución, fabricación o copyright |
2023. |
| 300 ## - DESCRIPCIÓN FÍSICA |
| Extensión |
148 páginas, |
| Otras características físicas |
retratos, fotografías |
| Dimensiones |
29 cm. |
| 336 ## - TIPO DE CONTENIDO |
| Fuente |
rdacontent |
| Término de tipo de contenido |
texto |
| Código de tipo de contenido |
txt |
| 337 ## - TIPO DE MEDIO |
| Fuente |
rdamedia |
| Nombre/término del tipo de medio |
sin mediación |
| Código del tipo de medio |
n |
| 338 ## - TIPO DE SOPORTE |
| Fuente |
rdacarrier |
| Nombre/término del tipo de soporte |
volumen |
| Código del tipo de soporte |
nc |
| 500 ## - NOTA GENERAL |
| Nota general |
Libro de pasta dura. |
| 504 ## - NOTA DE BIBLIOGRAFÍA, ETC. |
| Nota de bibliografía, etc. |
Incluye referencias bibliográficas. |
| 505 0# - NOTA DE CONTENIDO CON FORMATO |
| Título |
Palabras de presentación del magistrado presidente Dr. Milton Ray Guevara -- |
| -- |
Introducción -- |
| -- |
Comisión de igualdad de género del Tribunal Constitucional -- |
| Información miscelánea |
Heroínas nacionales -- |
| Título |
Ana Valverde -- |
| -- |
Patria, Minerva y María Teresa Mirabal -- |
| -- |
Josefa Antonia Pérez de la Paz -- |
| -- |
Juana de la Merced Trinidad (Juana Saltitopa) -- |
| -- |
Manuela Díez y Jiménez -- |
| -- |
María Baltasara de los Reyes -- |
| -- |
María de la Concepción Bona y Hernández -- |
| -- |
María Trinidad Sánchez -- |
| -- |
Rosa Protomártir Duarte y Díez -- |
| Información miscelánea |
Defensa y promoción de los derechos de las mujeres -- |
| Título |
Ana Emilia Abigaíl Mejía Soliere -- |
| -- |
Petronila Angélica Gómez -- |
| Información miscelánea |
Humanidades: educación, filosofía, historia, literatura -- |
| Título |
Aída Cartagena Portalatín -- |
| -- |
Ambrosia Ercilia Pepín Estrella (Ercilia Pepín) -- |
| -- |
Esthervina Matos Pérez -- |
| -- |
Francisca Amelia de Marchena Sánchez (Amelia Francasci) -- |
| -- |
Hilma Contreras -- |
| -- |
Salomé Ureña -- |
| -- |
Socorro Sánchez -- |
| Información miscelánea |
Salud -- |
| Título |
Andrea Evangelina Rodríguez Perozo -- |
| Información miscelánea |
Ciencias jurídicas y políticas -- |
| Título |
Altagracia Mélida Frómeta Pereyra -- |
| -- |
Ana Teresa Paradas Sánchez -- |
| -- |
Carmen Josefina Lora Iglesias (Piky Lora) -- |
| -- |
Isabel Mayer -- |
| -- |
Ivelisse Prats Ramírez -- |
| -- |
Josefa Sánchez de González -- |
| -- |
Milady Félix de L´Official -- |
| Información miscelánea |
Arte y cultura -- |
| Título |
Altagracia Casandra Damirón -- |
| -- |
María África Gracia Vidal de Santo Silas (María Montez) -- |
| Información miscelánea |
Deporte -- |
| Título |
Divina Estrella -- |
| -- |
Teresa Durán -- |
| Información miscelánea |
Labor social -- |
| Título |
Florinda Soriano (Mama Tingó) -- |
| -- |
María Altagracia Pérez Pntado (Mary Pérez de Marranzini) -- |
| -- |
Rosa Emilia Sánchez de Tavares / |
| 590 ## - NOTA LOCAL (RLIN) |
| Nota local |
Inventariado, 2024/ YL |
| 700 1# - PUNTO DE ACCESO ADICIONAL--NOMBRE DE PERSONA |
| Nombre de persona |
Beard Marcos, Alba Luisa |
| Término indicativo de función/relación |
comisión |
| 9 (RLIN) |
84886 |
| 700 1# - PUNTO DE ACCESO ADICIONAL--NOMBRE DE PERSONA |
| Nombre de persona |
Bonnelly Vega, Manuel Ulises |
| Término indicativo de función/relación |
comisión |
| 9 (RLIN) |
84887 |
| 700 1# - PUNTO DE ACCESO ADICIONAL--NOMBRE DE PERSONA |
| Nombre de persona |
Santana de Cabrera, María del Carmen |
| Término indicativo de función/relación |
comisión |
| 9 (RLIN) |
84888 |
| 700 1# - PUNTO DE ACCESO ADICIONAL--NOMBRE DE PERSONA |
| Nombre de persona |
Vargas Guerrero, José alejandro |
| Término indicativo de función/relación |
comisión |
| 9 (RLIN) |
84889 |
| 700 1# - PUNTO DE ACCESO ADICIONAL--NOMBRE DE PERSONA |
| Nombre de persona |
Vásquez Acosta, Eunisis |
| Término indicativo de función/relación |
comisión |
| 9 (RLIN) |
84890 |
| 910 ## - DATOS DE OPCIÓN DEL USUARIO (OCLC) |
| Datos de opción del usuario |
YLockward |
| 942 ## - ELEMENTOS DE PUNTO DE ACCESO ADICIONAL (KOHA) |
| Fuente del sistema de clasificación o colocación |
Dewey Decimal Classification |
| Tipo de ítem Koha |
Libro |